| 000 | 00968cam a2200241 a 4500 | ||
|---|---|---|---|
| 001 | 12526587 | ||
| 005 | 20250603100813.0 | ||
| 008 | 010906s2003 ohua b 001 0 eng | ||
| 020 | _a0030335876 | ||
| 050 | 0 | 0 |
_aHD62.7 _b.E25 2003 |
| 082 | 0 | 0 |
_a658.02/2 _221 |
| 100 | 1 |
_aRyan, J. D. _q(Joseph Daniel), _d1933- |
|
| 245 | 1 | 0 |
_aSmall business : _ban entrepreneur's business plan / _cJ.D. Ryan, Gail P. Hiduke. |
| 250 | _a6th ed. | ||
| 260 |
_a[Mason, Ohio] : _bSouth-Western/Thomson Learning, _cc2003. |
||
| 300 |
_axviii, 412 p. : _bill. ; _c28 cm. |
||
| 650 | 0 |
_aSmall business _xManagement. |
|
| 700 | 1 | _aHiduke, Gail P. | |
| 856 | 4 | 2 |
_3Contributor biographical information _uhttp://www.loc.gov/catdir/enhancements/fy1514/2001095660-b.html |
| 856 | 4 | 2 |
_3Publisher description _uhttp://www.loc.gov/catdir/enhancements/fy1514/2001095660-d.html |
| 856 | 4 | 1 |
_3Table of contents only _uhttp://www.loc.gov/catdir/enhancements/fy1514/2001095660-t.html |
| 942 |
_2lcc _cBK _n0 |
||
| 999 |
_c6182 _d6182 |
||